The noble scholar, jurist, historian


 His Excellency Dr. Abdul Wahhab bin Ibrahim Abu Sulaiman, may Allah have mercy on him.


 He was born in Umm Al-Qura in the year 1356 AH.

عشرون حديثا من صحيح مسلم : (Record no. 11502)

MARC details
000 -LEADER
fixed length control field 01603cam a2200301 i 4500
003 - CONTROL NUMBER IDENTIFIER
control field SA-RiAUC
005 - DATE AND TIME OF LATEST TRANSACTION
control field 20250909052931.0
008 - FIXED-LENGTH DATA ELEMENTS--GENERAL INFORMATION
fixed length control field 250909s1971 ua g 00000 ara c
040 ## - CATALOGING SOURCE
Original cataloging agency SA-MaMIU
Language of cataloging ara
Transcribing agency SA-RiAUC
Description conventions rda
082 04 - DEWEY DECIMAL CLASSIFICATION NUMBER
Classification number 235.2
090 ## - LOCALLY ASSIGNED LC-TYPE CALL NUMBER (OCLC); LOCAL CALL NUMBER (RLIN)
Classification number (OCLC) (R) ; Classification number, CALL (RLIN) (NR) 235.2
Local cutter number (OCLC) ; Book number/undivided call number, CALL (RLIN) ع ب ا
100 1# - MAIN ENTRY--PERSONAL NAME
Personal name العباد، عبد المحسن بن حمد بن عبد المحسن،
Dates associated with a name 1352 هجري-
Relator term مؤلف.
245 10 - TITLE STATEMENT
Title عشرون حديثا من صحيح مسلم :
Remainder of title دراسة أسانيدها وشرح متونها /
Statement of responsibility, etc. تأليف عبد المحسن بن حمد العباد.
246 3# - VARYING FORM OF TITLE
Title proper/short title 20 حديثا من صحيح مسلم :
Remainder of title دراسة أسانيدها وشرح متونها
250 ## - EDITION STATEMENT
Edition statement الطبعة الأولى.
264 #1 - PRODUCTION, PUBLICATION, DISTRIBUTION, MANUFACTURE, AND COPYRIGHT NOTICE
Place of production, publication, distribution, manufacture القاهرة :
Name of producer, publisher, distributor, manufacturer المطبعة السلفية ومكتبتها،
Date of production, publication, distribution, manufacture, or copyright notice [1971]
300 ## - PHYSICAL DESCRIPTION
Extent 240 صفحة ؛
Dimensions 23 × 15 سم
336 ## - CONTENT TYPE
Content type term نص
Content type code txt
Source rdacontent
Materials specified كتاب
337 ## - MEDIA TYPE
Media type term بدون وسيط
Media type code n
Source rdamedia
338 ## - CARRIER TYPE
Carrier type term مجلد
Carrier type code nc
Source rdacarrier
650 #7 - SUBJECT ADDED ENTRY--TOPICAL TERM
Topical term or geographic name entry element صحيح مسلم
Source of heading or term aucsh
650 #7 - SUBJECT ADDED ENTRY--TOPICAL TERM
Topical term or geographic name entry element الحديث
General subdivision شرح
Source of heading or term aucsh
700 12 - ADDED ENTRY--PERSONAL NAME
Personal name الإمام مسلم، مسلم بن الحجاج بن مسلم،
Dates associated with a name 204-261 هجري
740 02 - ADDED ENTRY--UNCONTROLLED RELATED/ANALYTICAL TITLE
Uncontrolled related/analytical title صحيح مسلم، المسمى، المسند الصحيح المختصر من السنن بنقل العدل عن العدل عن رسول الله صلى الله عليه وسلم.
740 22 - ADDED ENTRY--UNCONTROLLED RELATED/ANALYTICAL TITLE
Uncontrolled related/analytical title المسند الصحيح المختصر من السنن بنقل العدل عن العدل عن رسول الله صلى الله عليه وسلم.
942 ## - ADDED ENTRY ELEMENTS (KOHA)
Source of classification or shelving scheme Dewey Decimal Classification
Koha item type Books
949 ## - LOCAL PROCESSING INFORMATION (OCLC)
a SA-JeALM
d 250909
u khaled123
n 1
Holdings
Withdrawn status Lost status Source of classification or shelving scheme Damaged status Not for loan Home library Current library Date acquired Total checkouts Full call number Barcode Date last seen Price effective from Koha item type
    Dewey Decimal Classification     DR AbdElwahab Library DR AbdElwahab Library 09/09/2025   235.2 ع ب ا 000018585 09/09/2025 09/09/2025 Books
    Dewey Decimal Classification     DR AbdElwahab Library DR AbdElwahab Library 09/09/2025   235.2 ع ب ا 000018586 09/09/2025 09/09/2025 Books
    Dewey Decimal Classification     DR AbdElwahab Library DR AbdElwahab Library 09/13/2025   235.2 ع ب ا 000018809 09/13/2025 09/13/2025 Books